[Event "Deutsche Ländermeisterschaft 2024"]
[Site "Tübingen GER"]
[Date "2024.10.06"]
[Round "7"]
[White "Aguike, Toshiya"]
[Black "Fischermann, Charlotte"]
[Result "1-0"]
[Termination "normal"]
[Board "2.7"]
[WhiteElo "1719"]
[BlackElo "1657"]
[WhiteClock "00:59:47"]
[BlackClock "01:07:17"]
[WhiteTeam "Schleswig-Holstein"]
[BlackTeam "Nordrhein-Westfalen"]
[PlyCount "123"]
[WhiteFideId "34611347"]
[BlackFideId "34619690"]
[EventCountry "GER"]
[EventRounds "7"]
[EventType "team-swiss"]
[EventDate "2024.10.02"]

1. e4 {[%clk 01:30:38]} {[%emt 00:00:20]} e5 {[%clk 01:30:56]} {[%emt
00:00:05]} 2. Nf3 {[%clk 01:30:45]} {[%emt 00:00:23]} Nc6 {[%clk 01:31:16]}
{[%emt 00:00:10]} 3. Bc4 {[%clk 01:31:02]} {[%emt 00:00:14]} Nf6 {[%clk
01:31:22]} {[%emt 00:00:23]} 4. d4 {[%clk 01:29:58]} {[%emt 00:01:34]} exd4
{[%clk 01:30:39]} {[%emt 00:01:13]} 5. O-O {[%clk 01:30:21]} {[%emt 00:00:08]}
d5 {[%clk 01:29:55]} {[%emt 00:01:14]} 6. exd5 {[%clk 01:28:31]} {[%emt
00:02:19]} Nxd5 {[%clk 01:29:25]} {[%emt 00:01:01]} 7. Nxd4 {[%clk 01:26:12]}
{[%emt 00:02:48]} Nxd4 {[%clk 01:28:35]} {[%emt 00:01:20]} 8. Qxd4 {[%clk
01:26:35]} {[%emt 00:00:07]} Be6 {[%clk 01:28:06]} {[%emt 00:00:59]} 9. Rd1
{[%clk 01:23:18]} {[%emt 00:03:47]} c6 {[%clk 01:24:32]} {[%emt 00:04:04]} 10.
c3 {[%clk 01:15:35]} {[%emt 00:08:13]} Nc7 {[%clk 01:16:34]} {[%emt 00:08:27]}
11. Bxe6 {[%clk 01:15:45]} {[%emt 00:00:21]} Nxe6 {[%clk 01:16:31]} {[%emt
00:00:32]} 12. Qg4 {[%clk 01:12:52]} {[%emt 00:03:23]} Qf6 {[%clk 01:15:50]}
{[%emt 00:01:11]} 13. Be3 {[%clk 01:12:54]} {[%emt 00:00:28]} Be7 {[%clk
01:14:20]} {[%emt 00:02:01]} 14. Nd2 {[%clk 01:11:57]} {[%emt 00:01:25]} O-O
{[%clk 01:12:18]} {[%emt 00:02:34]} 15. Ne4 {[%clk 01:12:06]} {[%emt 00:00:19]}
Qg6 {[%clk 01:12:25]} {[%emt 00:00:24]} 16. Qf3 {[%clk 01:12:19]} {[%emt
00:00:17]} Rfd8 {[%clk 01:11:58]} {[%emt 00:00:58]} 17. Rxd8+ {[%clk 01:10:34]}
{[%emt 00:02:15]} Rxd8 {[%clk 01:12:06]} {[%emt 00:00:22]} 18. Bxa7 {[%clk
01:10:16]} {[%emt 00:00:47]} Ng5 {[%clk 01:10:28]} {[%emt 00:02:08]} 19. Nxg5
{[%clk 01:10:09]} {[%emt 00:00:37]} Bxg5 {[%clk 01:10:06]} {[%emt 00:00:53]}
20. Be3 {[%clk 01:07:25]} {[%emt 00:03:11]} Bxe3 {[%clk 01:09:32]} {[%emt
00:01:07]} 21. Qxe3 {[%clk 01:06:30]} {[%emt 00:01:25]} Qc2 {[%clk 01:09:41]}
{[%emt 00:00:21]} 22. Qc1 {[%clk 01:06:11]} {[%emt 00:00:46]} Rd2 {[%clk
01:09:18]} {[%emt 00:00:54]} 23. Qxc2 {[%clk 01:06:34]} {[%emt 00:00:07]} Rxc2
{[%clk 01:09:43]} {[%emt 00:00:06]} 24. Rb1 {[%clk 01:07:01]} {[%emt 00:00:04]}
g6 {[%clk 01:09:25]} {[%emt 00:00:48]} 25. g3 {[%clk 01:06:29]} {[%emt
00:01:02]} Kf8 {[%clk 01:09:44]} {[%emt 00:00:11]} 26. Kg2 {[%clk 01:06:53]}
{[%emt 00:00:05]} Ke7 {[%clk 01:09:58]} {[%emt 00:00:17]} 27. Kf3 {[%clk
01:06:28]} {[%emt 00:00:53]} Kd6 {[%clk 01:10:01]} {[%emt 00:00:28]} 28. Ke3
{[%clk 01:06:19]} {[%emt 00:00:38]} Ke5 {[%clk 01:09:46]} {[%emt 00:00:46]} 29.
h3 {[%clk 01:04:28]} {[%emt 00:02:21]} f5 {[%clk 01:09:32]} {[%emt 00:00:45]}
30. h4 {[%clk 01:01:17]} {[%emt 00:03:41]} Ke6 {[%clk 01:09:34]} {[%emt
00:00:28]} 31. Kf3 {[%clk 01:00:40]} {[%emt 00:01:06]} Kf6 {[%clk 01:09:01]}
{[%emt 00:01:03]} 32. Ke3 {[%clk 01:00:36]} {[%emt 00:00:34]} Ke6 {[%clk
01:09:06]} {[%emt 00:00:26]} 33. a4 {[%clk 01:00:34]} {[%emt 00:00:32]} Kd6
{[%clk 01:08:58]} {[%emt 00:00:37]} 34. Rd1+ {[%clk 01:00:50]} {[%emt
00:00:14]} Kc7 {[%clk 01:09:03]} {[%emt 00:00:25]} 35. Rd2 {[%clk 01:00:36]}
{[%emt 00:00:45]} Rc1 {[%clk 01:09:28]} {[%emt 00:00:05]} 36. Kf4 {[%clk
01:00:58]} {[%emt 00:00:07]} Ra1 {[%clk 01:09:19]} {[%emt 00:00:40]} 37. Kg5
{[%clk 01:01:21]} {[%emt 00:00:06]} Rxa4 {[%clk 01:09:00]} {[%emt 00:00:50]}
38. Kh6 {[%clk 01:01:41]} {[%emt 00:00:10]} f4 {[%clk 01:07:45]} {[%emt
00:01:45]} 39. Kxh7 {[%clk 01:01:46]} {[%emt 00:00:25]} fxg3 {[%clk 01:08:00]}
{[%emt 00:00:15]} 40. fxg3 {[%clk 01:02:12]} {[%emt 00:00:04]} Rg4 {[%clk
01:08:23]} {[%emt 00:00:07]} 41. Rd3 {[%clk 01:02:28]} {[%emt 00:00:14]} Kb6
{[%clk 01:08:15]} {[%emt 00:00:38]} 42. Kh6 {[%clk 01:02:23]} {[%emt 00:00:33]}
Kc5 {[%clk 01:08:14]} {[%emt 00:00:33]} 43. b4+ {[%clk 01:01:19]} {[%emt
00:01:34]} Kb5 {[%clk 01:07:38]} {[%emt 00:01:05]} 44. h5 {[%clk 01:01:27]}
{[%emt 00:00:22]} gxh5 {[%clk 01:07:49]} {[%emt 00:00:19]} 45. Kxh5 {[%clk
01:01:50]} {[%emt 00:00:07]} Rg8 {[%clk 01:07:56]} {[%emt 00:00:24]} 46. g4
{[%clk 01:01:54]} {[%emt 00:00:25]} Rh8 {[%clk 01:08:02]} {[%emt 00:00:24]} 47.
Kg5 {[%clk 01:02:04]} {[%emt 00:00:19]} Rg8 {[%clk 01:08:08]} {[%emt 00:00:26]}
48. Kf5 {[%clk 01:02:21]} {[%emt 00:00:12]} Rf8 {[%clk 01:07:52]} {[%emt
00:00:46]} 49. Ke6 {[%clk 01:01:48]} {[%emt 00:00:58]} Rg8 {[%clk 01:06:40]}
{[%emt 00:01:48]} 50. Rg3 {[%clk 01:00:22]} {[%emt 00:01:54]} Kc4 {[%clk
01:06:45]} {[%emt 00:00:26]} 51. g5 {[%clk 01:00:31]} {[%emt 00:00:21]} b6
{[%clk 01:06:29]} {[%emt 00:00:47]} 52. g6 {[%clk 01:00:38]} {[%emt 00:00:23]}
c5 {[%clk 01:06:20]} {[%emt 00:00:39]} 53. Kf7 {[%clk 00:59:07]} {[%emt
00:02:00]} Ra8 {[%clk 01:06:26]} {[%emt 00:00:23]} 54. g7 {[%clk 00:59:27]}
{[%emt 00:00:12]} cxb4 {[%clk 01:05:56]} {[%emt 00:00:59]} 55. cxb4 {[%clk
00:59:51]} {[%emt 00:00:07]} Kxb4 {[%clk 01:06:09]} {[%emt 00:00:16]} 56. g8=Q
{[%clk 00:59:57]} {[%emt 00:00:24]} Rxg8 {[%clk 01:06:37]} {[%emt 00:00:03]}
57. Rxg8 {[%clk 01:00:03]} {[%emt 00:00:23]} b5 {[%clk 01:07:02]} {[%emt
00:00:05]} 58. Ke6 {[%clk 01:00:10]} {[%emt 00:00:23]} Kc3 {[%clk 01:07:14]}
{[%emt 00:00:19]} 59. Kd5 {[%clk 00:59:28]} {[%emt 00:01:11]} b4 {[%clk
01:07:00]} {[%emt 00:00:44]} 60. Rg3+ {[%clk 00:59:45]} {[%emt 00:00:13]} Kc2
{[%clk 01:07:06]} {[%emt 00:00:25]} 61. Kc4 {[%clk 00:59:23]} {[%emt 00:00:51]}
b3 {[%clk 01:07:17]} {[%emt 00:00:20]} 62. Rxb3 {[%clk 00:59:47]} {[%emt
00:00:05]} 1-0

[Event "Deutsche Ländermeisterschaft 2024"]
[Site "Tübingen GER"]
[Date "2024.10.06"]
[Round "7"]
[White "Heidtkamp, Anna"]
[Black "Margaryan, Mane"]
[Result "1/2-1/2"]
[Termination "normal"]
[Board "2.8"]
[WhiteElo "1694"]
[BlackElo "1493"]
[WhiteClock "00:17:32"]
[BlackClock "00:12:50"]
[WhiteTeam "Nordrhein-Westfalen"]
[BlackTeam "Schleswig-Holstein"]
[PlyCount "46"]
[WhiteFideId "16269012"]
[BlackFideId "16268237"]
[EventCountry "GER"]
[EventRounds "7"]
[EventType "team-swiss"]
[EventDate "2024.10.02"]

1. e4 {[%clk 01:30:58]} c5 {[%clk 01:30:55]} {[%emt 00:00:06]} 2. Nf3 {[%clk
01:31:24]} {[%emt 00:00:04]} e6 {[%clk 01:31:21]} {[%emt 00:00:04]} 3. d4
{[%clk 01:31:50]} {[%emt 00:00:04]} cxd4 {[%clk 01:31:48]} {[%emt 00:00:03]} 4.
Nxd4 {[%clk 01:32:15]} {[%emt 00:00:05]} a6 {[%clk 01:32:12]} {[%emt 00:00:06]}
5. Bd3 {[%clk 01:32:41]} {[%emt 00:00:05]} Qc7 {[%clk 01:32:10]} {[%emt
00:00:31]} 6. c4 {[%clk 01:33:02]} {[%emt 00:00:09]} Nf6 {[%clk 01:32:00]}
{[%emt 00:00:40]} 7. Nc3 {[%clk 01:32:56]} {[%emt 00:00:36]} Bb4 {[%clk
01:31:14]} {[%emt 00:01:16]} 8. Bd2 {[%clk 01:32:23]} {[%emt 00:01:03]} Nc6
{[%clk 01:30:00]} {[%emt 00:01:44]} 9. Nde2 {[%clk 01:30:28]} {[%emt 00:02:25]}
d6 {[%clk 01:26:47]} {[%emt 00:03:43]} 10. O-O {[%clk 01:29:04]} {[%emt
00:01:55]} O-O {[%clk 01:25:37]} {[%emt 00:01:39]} 11. h3 {[%clk 01:27:36]}
{[%emt 00:01:58]} b6 {[%clk 01:23:44]} {[%emt 00:02:22]} 12. Bg5 {[%clk
01:20:08]} {[%emt 00:07:59]} Nd7 {[%clk 01:19:52]} {[%emt 00:04:21]} 13. f4
{[%clk 01:16:55]} {[%emt 00:03:44]} Bb7 {[%clk 01:13:07]} {[%emt 00:07:15]} 14.
Kh1 {[%clk 01:12:54]} {[%emt 00:04:31]} Na5 {[%clk 01:10:40]} {[%emt 00:02:56]}
15. b3 {[%clk 00:57:53]} {[%emt 00:15:32]} Rac8 {[%clk 01:03:31]} {[%emt
00:07:38]} 16. Rc1 {[%clk 00:38:02]} {[%emt 00:20:22]} Nc5 {[%clk 00:57:14]}
{[%emt 00:06:46]} 17. Qc2 {[%clk 00:28:53]} {[%emt 00:09:40]} Nc6 {[%clk
00:44:20]} {[%emt 00:13:24]} 18. Ra1 {[%clk 00:25:01]} {[%emt 00:04:22]} Bxc3
{[%clk 00:42:52]} {[%emt 00:01:58]} 19. Qxc3 {[%clk 00:23:11]} {[%emt
00:02:20]} f6 {[%clk 00:28:41]} {[%emt 00:14:41]} 20. Bh4 {[%clk 00:22:58]}
{[%emt 00:00:43]} e5 {[%clk 00:27:02]} {[%emt 00:02:08]} 21. f5 {[%clk
00:22:46]} {[%emt 00:00:42]} a5 {[%clk 00:19:48]} {[%emt 00:07:45]} 22. a3
{[%clk 00:19:53]} {[%emt 00:03:23]} Rfd8 {[%clk 00:15:22]} {[%emt 00:04:56]}
23. Bc2 {[%clk 00:17:32]} {[%emt 00:02:52]} Na7 {[%clk 00:12:50]} {[%emt
00:03:01]} *

[Event "Deutsche Ländermeisterschaft 2024"]
[Site "Tübingen GER"]
[Date "2024.10.06"]
[Round "7"]
[White "Pubantz, Jan"]
[Black "Hinrichs, Paul"]
[Result "1-0"]
[Termination "normal"]
[Board "3.1"]
[WhiteElo "2318"]
[BlackElo "2264"]
[WhiteClock "00:01:49"]
[BlackClock "00:16:08"]
[WhiteTeam "Niedersachsen"]
[BlackTeam "Rheinland-Pfalz"]
[PlyCount "77"]
[WhiteFideId "12996114"]
[BlackFideId "12942545"]
[EventCountry "GER"]
[EventRounds "7"]
[EventType "team-swiss"]
[EventDate "2024.10.02"]

1. d4 {[%clk 01:30:58]} {[%emt 00:00:01]} d5 {[%clk 01:30:56]} {[%emt
00:00:05]} 2. c4 {[%clk 01:31:24]} {[%emt 00:00:04]} c6 {[%clk 01:31:23]}
{[%emt 00:00:02]} 3. cxd5 {[%clk 01:31:50]} {[%emt 00:00:04]} cxd5 {[%clk
01:31:50]} {[%emt 00:00:03]} 4. Bg5 {[%clk 01:32:14]} {[%emt 00:00:06]} f6
{[%clk 01:31:03]} {[%emt 00:01:18]} 5. Bd2 {[%clk 01:31:41]} {[%emt 00:01:04]}
e5 {[%clk 01:30:25]} {[%emt 00:01:07]} 6. e4 {[%clk 01:31:01]} {[%emt
00:01:11]} dxe4 {[%clk 01:30:49]} {[%emt 00:00:05]} 7. dxe5 {[%clk 01:30:59]}
{[%emt 00:00:31]} Nc6 {[%clk 01:31:14]} {[%emt 00:00:05]} 8. Nc3 {[%clk
01:30:43]} {[%emt 00:00:46]} fxe5 {[%clk 01:26:14]} {[%emt 00:05:31]} 9. Bc4
{[%clk 01:29:52]} {[%emt 00:01:21]} Nf6 {[%clk 01:23:52]} {[%emt 00:02:52]} 10.
Nge2 {[%clk 01:29:53]} {[%emt 00:00:29]} Bc5 {[%clk 01:21:40]} {[%emt
00:02:42]} 11. O-O {[%clk 01:11:50]} {[%emt 00:18:34]} Bg4 {[%clk 01:10:25]}
{[%emt 00:11:43]} 12. h3 {[%clk 01:01:34]} {[%emt 00:10:47]} Bh5 {[%clk
01:10:20]} {[%emt 00:00:35]} 13. Rc1 {[%clk 01:00:44]} {[%emt 00:01:19]} Qe7
{[%clk 01:00:50]} {[%emt 00:10:00]} 14. Bg5 {[%clk 00:56:39]} {[%emt 00:04:35]}
Rd8 {[%clk 00:57:06]} {[%emt 00:04:15]} 15. Qa4 {[%clk 00:49:23]} {[%emt
00:07:46]} Bf7 {[%clk 00:48:49]} {[%emt 00:08:47]} 16. Nxe4 {[%clk 00:46:50]}
{[%emt 00:03:03]} Bb6 {[%clk 00:47:52]} {[%emt 00:01:27]} 17. N2g3 {[%clk
00:43:33]} {[%emt 00:03:47]} Bxc4 {[%clk 00:44:59]} {[%emt 00:03:23]} 18. Nf5
{[%clk 00:39:08]} {[%emt 00:04:54]} Bxf1 {[%clk 00:38:05]} {[%emt 00:07:25]}
19. Nxe7 {[%clk 00:35:01]} {[%emt 00:04:37]} Rd4 {[%clk 00:33:41]} {[%emt
00:04:53]} 20. Qa3 {[%clk 00:30:08]} {[%emt 00:05:23]} Rd3 {[%clk 00:24:14]}
{[%emt 00:09:57]} 21. b3 {[%clk 00:25:43]} {[%emt 00:04:55]} Nxe4 {[%clk
00:24:06]} {[%emt 00:00:39]} 22. Nxc6 {[%clk 00:24:57]} {[%emt 00:01:15]} Rd6
{[%clk 00:24:26]} {[%emt 00:00:10]} 23. Rxf1 {[%clk 00:19:05]} {[%emt
00:06:23]} bxc6 {[%clk 00:19:07]} {[%emt 00:05:49]} 24. Qb4 {[%clk 00:17:14]}
{[%emt 00:02:21]} Nc5 {[%clk 00:18:13]} {[%emt 00:01:23]} 25. Be3 {[%clk
00:11:47]} {[%emt 00:05:57]} Rd5 {[%clk 00:18:41]} {[%emt 00:00:02]} 26. Qc4
{[%clk 00:10:50]} {[%emt 00:01:27]} Kd7 {[%clk 00:18:37]} {[%emt 00:00:34]} 27.
Bxc5 {[%clk 00:06:33]} {[%emt 00:04:48]} Bxc5 {[%clk 00:19:06]} {[%emt
00:00:02]} 28. Qg4+ {[%clk 00:06:56]} {[%emt 00:00:06]} Kd8 {[%clk 00:19:21]}
{[%emt 00:00:14]} 29. b4 {[%clk 00:04:26]} {[%emt 00:03:01]} Bf8 {[%clk
00:19:31]} {[%emt 00:00:19]} 30. Rc1 {[%clk 00:03:40]} {[%emt 00:01:16]} h5
{[%clk 00:18:52]} {[%emt 00:01:10]} 31. Qf5 {[%clk 00:02:45]} {[%emt 00:01:25]}
Rd6 {[%clk 00:15:46]} {[%emt 00:03:35]} 32. b5 {[%clk 00:01:59]} {[%emt
00:01:16]} c5 {[%clk 00:15:10]} {[%emt 00:01:06]} 33. Qxe5 {[%clk 00:01:03]}
{[%emt 00:01:27]} c4 {[%clk 00:15:20]} {[%emt 00:00:20]} 34. g3 {[%clk
00:01:08]} {[%emt 00:00:25]} Rhh6 {[%clk 00:15:43]} {[%emt 00:00:07]} 35. Rxc4
{[%clk 00:01:15]} {[%emt 00:00:23]} h4 {[%clk 00:15:13]} {[%emt 00:01:00]} 36.
Qf5 {[%clk 00:01:08]} {[%emt 00:00:37]} Rd1+ {[%clk 00:15:15]} {[%emt
00:00:27]} 37. Kg2 {[%clk 00:01:37]} {[%emt 00:00:02]} Bd6 {[%clk 00:15:39]}
{[%emt 00:00:06]} 38. Qc8+ {[%clk 00:01:22]} {[%emt 00:00:45]} Ke7 {[%clk
00:16:08]} {[%emt 00:00:01]} 39. Re4+ {[%clk 00:01:49]} {[%emt 00:00:03]} 1-0

[Event "Deutsche Ländermeisterschaft 2024"]
[Site "Tübingen GER"]
[Date "2024.10.06"]
[Round "7"]
[White "Weber, Nikita"]
[Black "Nechitaylo, Nikita"]
[Result "1/2-1/2"]
[Termination "normal"]
[Board "3.2"]
[WhiteElo "2130"]
[BlackElo "2289"]
[WhiteClock "00:06:55"]
[BlackClock "00:11:02"]
[WhiteTeam "Rheinland-Pfalz"]
[BlackTeam "Niedersachsen"]
[PlyCount "53"]
[WhiteFideId "34608770"]
[BlackFideId "34138161"]
[EventCountry "GER"]
[EventRounds "7"]
[EventType "team-swiss"]
[EventDate "2024.10.02"]

1. d4 {[%clk 01:30:57]} {[%emt 00:00:02]} Nf6 {[%clk 01:30:57]} {[%emt
00:00:04]} 2. Bf4 {[%clk 01:31:23]} {[%emt 00:00:04]} d5 {[%clk 01:31:20]}
{[%emt 00:00:06]} 3. e3 {[%clk 01:31:48]} {[%emt 00:00:06]} e6 {[%clk
01:31:43]} {[%emt 00:00:06]} 4. Nf3 {[%clk 01:32:15]} {[%emt 00:00:03]} Bd6
{[%clk 01:32:10]} {[%emt 00:00:04]} 5. Ne5 {[%clk 01:32:42]} {[%emt 00:00:03]}
O-O {[%clk 01:32:02]} {[%emt 00:00:38]} 6. Nd2 {[%clk 01:32:40]} {[%emt
00:00:31]} c5 {[%clk 01:31:33]} {[%emt 00:00:59]} 7. c3 {[%clk 01:31:52]}
{[%emt 00:01:19]} Qc7 {[%clk 01:27:35]} {[%emt 00:04:28]} 8. h4 {[%clk
01:24:06]} {[%emt 00:08:16]} Nc6 {[%clk 01:24:33]} {[%emt 00:03:32]} 9. Ndf3
{[%clk 01:20:28]} {[%emt 00:04:08]} Ne4 {[%clk 01:18:29]} {[%emt 00:06:35]} 10.
Nxc6 {[%clk 01:07:56]} {[%emt 00:13:02]} Bxf4 {[%clk 01:01:26]} {[%emt
00:17:32]} 11. Nce5 {[%clk 01:06:33]} {[%emt 00:01:53]} Bxe3 {[%clk 01:00:51]}
{[%emt 00:01:05]} 12. fxe3 {[%emt 00:00:24]} f6 {[%clk 01:01:19]} 13. Bd3
{[%clk 01:00:36]} {[%emt 00:06:34]} fxe5 {[%clk 01:01:41]} {[%emt 00:00:09]}
14. Bxe4 {[%clk 00:59:24]} {[%emt 00:01:42]} exd4 {[%clk 01:02:02]} {[%emt
00:00:09]} 15. Bxh7+ {[%clk 00:56:11]} {[%emt 00:03:44]} Kxh7 {[%clk 01:02:30]}
{[%emt 00:00:01]} 16. O-O {[%clk 00:52:08]} {[%emt 00:04:33]} Kg8 {[%clk
00:48:34]} {[%emt 00:14:26]} 17. exd4 {[%clk 00:47:53]} {[%emt 00:04:45]} Bd7
{[%clk 00:43:12]} {[%emt 00:05:51]} 18. Ng5 {[%clk 00:33:31]} {[%emt 00:14:52]}
Rxf1+ {[%clk 00:37:55]} {[%emt 00:05:48]} 19. Qxf1 {[%clk 00:33:57]} {[%emt
00:00:04]} Rf8 {[%clk 00:37:11]} {[%emt 00:01:14]} 20. Qe2 {[%clk 00:16:55]}
{[%emt 00:17:31]} Qg3 {[%clk 00:34:25]} {[%emt 00:03:16]} 21. Rf1 {[%clk
00:15:01]} {[%emt 00:02:25]} cxd4 {[%clk 00:15:38]} {[%emt 00:19:17]} 22. Rxf8+
{[%clk 00:09:38]} {[%emt 00:05:53]} Kxf8 {[%clk 00:16:06]} {[%emt 00:00:02]}
23. Qf1+ {[%clk 00:09:34]} {[%emt 00:00:34]} Ke7 {[%clk 00:13:41]} {[%emt
00:02:55]} 24. cxd4 {[%clk 00:09:25]} {[%emt 00:00:39]} Qxh4 {[%clk 00:10:41]}
{[%emt 00:03:30]} 25. Qf7+ {[%clk 00:09:43]} {[%emt 00:00:12]} Kd6 {[%clk
00:10:37]} {[%emt 00:00:33]} 26. Qf8+ {[%clk 00:07:28]} {[%emt 00:02:45]} Kc7
{[%clk 00:11:02]} {[%emt 00:00:06]} 27. Qc5+ {[%clk 00:06:55]} {[%emt
00:01:03]} 1/2-1/2

[Event "Deutsche Ländermeisterschaft 2024"]
[Site "Tübingen GER"]
[Date "2024.10.06"]
[Round "7"]
[White "Sauer, Tim"]
[Black "Gröschel, Karoline"]
[Result "1-0"]
[Termination "normal"]
[Board "3.3"]
[WhiteElo "2081"]
[BlackElo "1968"]
[WhiteClock "00:04:42"]
[BlackClock "00:37:11"]
[WhiteTeam "Niedersachsen"]
[BlackTeam "Rheinland-Pfalz"]
[PlyCount "51"]
[WhiteFideId "16265726"]
[BlackFideId "34610537"]
[EventCountry "GER"]
[EventRounds "7"]
[EventType "team-swiss"]
[EventDate "2024.10.02"]

1. d4 {[%clk 01:30:57]} {[%emt 00:00:02]} Nf6 {[%clk 01:30:51]} {[%emt
00:00:09]} 2. Nf3 {[%clk 01:31:16]} {[%emt 00:00:11]} d5 {[%clk 01:31:15]}
{[%emt 00:00:05]} 3. c4 {[%clk 01:31:22]} {[%emt 00:00:24]} e6 {[%clk
01:31:35]} {[%emt 00:00:10]} 4. g3 {[%clk 01:31:47]} {[%emt 00:00:06]} Be7
{[%clk 01:28:57]} {[%emt 00:03:08]} 5. Bg2 {[%clk 01:31:56]} {[%emt 00:00:20]}
Nbd7 {[%clk 01:29:22]} {[%emt 00:00:06]} 6. O-O {[%clk 01:30:11]} {[%emt
00:02:15]} O-O {[%clk 01:29:49]} {[%emt 00:00:03]} 7. Qc2 {[%clk 01:22:11]}
{[%emt 00:08:30]} a5 {[%clk 01:30:13]} {[%emt 00:00:06]} 8. Rd1 {[%clk
01:16:30]} {[%emt 00:06:11]} dxc4 {[%clk 01:30:37]} {[%emt 00:00:06]} 9. Nbd2
{[%clk 01:03:03]} {[%emt 00:13:57]} b5 {[%clk 01:16:25]} {[%emt 00:14:42]} 10.
a4 {[%clk 01:00:05]} {[%emt 00:03:28]} c6 {[%clk 01:14:44]} {[%emt 00:02:11]}
11. b3 {[%clk 00:47:42]} {[%emt 00:12:53]} cxb3 {[%clk 01:09:21]} {[%emt
00:05:52]} 12. Nxb3 {[%clk 00:47:04]} {[%emt 00:01:08]} Bb7 {[%clk 01:08:37]}
{[%emt 00:01:14]} 13. Bd2 {[%clk 00:35:35]} {[%emt 00:12:00]} Nd5 {[%clk
00:50:40]} {[%emt 00:18:27]} 14. axb5 {[%clk 00:21:03]} {[%emt 00:15:02]} a4
{[%clk 00:49:43]} {[%emt 00:01:27]} 15. Nc5 {[%clk 00:18:51]} {[%emt 00:02:42]}
Nxc5 {[%clk 00:49:42]} {[%emt 00:00:31]} 16. bxc6 {[%clk 00:19:16]} {[%emt
00:00:05]} Bxc6 {[%clk 00:46:17]} {[%emt 00:03:54]} 17. dxc5 {[%clk 00:19:37]}
{[%emt 00:00:07]} Bf6 {[%clk 00:46:25]} {[%emt 00:00:24]} 18. Ra3 {[%clk
00:15:45]} {[%emt 00:04:22]} Qb8 {[%clk 00:42:26]} {[%emt 00:04:30]} 19. Rb1
{[%clk 00:12:17]} {[%emt 00:03:58]} Qe8 {[%clk 00:40:20]} {[%emt 00:02:35]} 20.
e4 {[%clk 00:11:41]} {[%emt 00:01:07]} Nc7 {[%clk 00:40:34]} {[%emt 00:00:15]}
21. Rb6 {[%clk 00:10:04]} {[%emt 00:02:08]} Ra6 {[%clk 00:39:36]} {[%emt
00:01:27]} 22. e5 {[%clk 00:08:27]} {[%emt 00:02:08]} Be7 {[%clk 00:39:54]}
{[%emt 00:00:10]} 23. Ng5 {[%clk 00:05:39]} {[%emt 00:03:20]} g6 {[%clk
00:37:36]} {[%emt 00:02:48]} 24. Bxc6 {[%clk 00:06:04]} {[%emt 00:00:05]} Qd8
{[%clk 00:38:01]} {[%emt 00:00:05]} 25. Rd3 {[%clk 00:04:27]} {[%emt 00:02:07]}
Qc8 {[%clk 00:37:11]} {[%emt 00:01:07]} 26. Bb7 {[%clk 00:04:42]} {[%emt
00:00:29]} 1-0